| 000 | 02911nam a2200265 4500 | ||
|---|---|---|---|
| 005 | 20260218123708.0 | ||
| 008 | 260218c2025 sp|ar|p|o|||| 00| 0 spa d | ||
| 040 |
_aMX-MxUPN _bspa _cMX-MxUPN _eaacr2 |
||
| 100 | 1 |
_aRubio Hernández, Francisco José _958353 |
|
| 100 | 1 |
_aOlivo-Franco, José Luis _951210 |
|
| 100 | 1 |
_aTuesta Panduro, Juan Alfredo _958825 |
|
| 245 | 1 |
_aImpacto del uso del teléfono móvil en las estrategias de aprendizaje _h[recurso electrónico en línea] |
|
| 506 | 0 | _aAcceso abierto | |
| 520 | 3 | _aSe indagó la relación entre el uso del teléfono móvil (TM-S) y las estrategias de aprendizaje (EA) en una muestra de 1518 estudiantes universitarios peruanos. Se llevó a cabo una investigación cuantitativa de tipo encuesta, no experimental y diseño transversal. Se utilizaron medidas de tendencia central y se aplicaron las pruebas U de Mann-Whitney, H de Kruskal Wallis y el coeficiente de correlación de Spearman. Los resultados obtenidos revelaron que el uso inadecuado del TM-S estaba vinculado a un desempeño académico inferior, mayores niveles de distracción y más facilidad para comunicarse virtualmente en vez de cara a cara. Respecto a las EA, los encuestados presentaron mayores desafíos en el control emocional, la transferencia del conocimiento a nuevos contextos y la regulación de sus propios procesos de aprendizaje. Estas dificultades se manifestaron en una menor capacidad para preparar con la suficiente profundidad las tareas académicas o para concentrarse y reducir el nerviosismo durante los exámenes. Se observó que las mujeres y los estudiantes de ciertas carreras tendían a hacer un uso más adecuado del TM-S (en ciencias de la educación y humanidades) y a reportar mayores habilidades en el empleo de EA (en ingeniería). Por otro lado, se encontró una correlación negativa débil entre el uso problemático del TM-S y el uso adecuado de las EA. Esto indica que a medida que aumenta el uso problemático del TM-S, disminuye el uso de estrategias de aprendizaje efectivas. De este modo, los hallazgos subrayan la importancia de diseñar intervenciones educativas que promuevan el uso responsable del TM-S, el desarrollo de competencias digitales y la adquisición de habilidades de aprendizaje autónomo, lo cual podría contribuir a mejorar el rendimiento académico y a formar ciudadanos digitales más competentes. | |
| 650 | 4 |
_aInternet _9547 |
|
| 650 | 4 |
_aEstrategias de aprendizaje _916394 |
|
| 650 | 0 |
_aEstudiantes universitarios _99298 |
|
| 650 | 2 |
_aEncuestas _921054 |
|
| 653 | _aTeléfono móvil | ||
| 773 |
_gVol. 27, no. 1 (2025), p. 65–78 _tFuentes : revista de la Facultad de Ciencias de la Educación _x2172-7775 |
||
| 856 | 4 | _uhttps://revistascientificas.us.es/index.php/fuentes/article/view/24772 | |
| 856 | 4 | _uhttps://doi.org/10.12795/revistafuentes.2025.24772 | |
| 902 | _aGloria Jiménez/180226 | ||
| 942 | _cART-E | ||
| 999 |
_c214641 _d214641 |
||